Lexique français - allemand : rédigé conformément au décret du 19 juin 1880 : a l'usage des candidats au baccalauréat ès lettres / par L. Koch rédigé conformément au décret du 19 juin 1880 :
Descripción Física:
474 p. ; 18 cm
Materias:
Francès -- Diccionaris -- Alemany
MARC
| LEADER | 00000nam a2200000Ia 4500 | ||
|---|---|---|---|
| 001 | 14645 | ||
| 008 | 160829s1883 xx 000 0 cat d | ||
| 080 | |a L-2-24 | ||
| 100 | |a Koch, L. |9 37771 | ||
| 245 | |a Lexique français - allemand : |b rédigé conformément au décret du 19 juin 1880 : |b a l'usage des candidats au baccalauréat ès lettres / par L. Koch | ||
| 250 | |a 2ème ed. | ||
| 260 | |a Paris : |b Hachette, |c 1883 | ||
| 300 | |a 474 p. ; |c 18 cm | ||
| 590 | |a Reconnu conforme à la note officielle du 29 janvier 1881 | ||
| 650 | |a Francès |x Diccionaris |x Alemany |9 37772 | ||
| 901 | |a Arxiu | ||
| 942 | |n 1 | ||
| 952 | |0 0 |1 0 |4 0 |6 L224 |7 1 |9 48062 |a Arxiu |b Arxiu |d 2016-12-01 |l 0 |o L-2-24 |p 14645 |r 2016-12-01 00:00:00 |w 2016-12-01 |y ARXIU | ||
| 999 | |c 51865 |d 51865 | ||